000 00346nam a2200133Ia 4500
008 151001s9999||||xx |||||||||||||| ||und||
100 _aदेव
245 _aशब्दात
250 _a1
260 _bसाहित्य अकादमी नई दिल्ली
260 _c२०१३
300 _a303
365 _b21
999 _c1002442
_d1002439